| 000 | 00527nam a22001697a 4500 | ||
|---|---|---|---|
| 999 |
_c27338 _d27338 |
||
| 003 | BDDh-ASL | ||
| 005 | 20231015030744.0 | ||
| 008 | 211101n p ||||| |||| 00| 0 u d | ||
| 040 |
_aBDDh-ASL _cBDDh-ASL |
||
| 082 |
_a297.61 _bALT |
||
| 100 | 1 |
_95566 _aAli, Maulavi Mohammad |
|
| 245 | 1 | 0 | _aTarikhe Khilafate Rashida : / تاريخ خلافت راشدہ |
| 260 |
_aLahore : _bAhmadiya Anjuman Ishat-e Islam , |
||
| 300 |
_a144 p. : _c23 cm. |
||
| 650 | 0 |
_94819 _aCaliphate _xIslam _xKhilafat _xHistory |
|
| 942 |
_2ddc _cBK |
||